| 000 | 00438nam a2200181Ia 4500 | ||
|---|---|---|---|
| 001 | 10957 | ||
| 005 | 20260306161910.0 | ||
| 008 | 260306t2014||||xx |||||||||||||| ||spa|| | ||
| 041 | _aESP | ||
| 082 |
_a985 _bB38 2014 |
||
| 100 |
_aBelaunde, Víctor Andrés _eAUT |
||
| 245 | 0 |
_aLa crisis presente: _b(1914-1939) |
|
| 260 | _c2014 | ||
| 300 |
_a302 páginas : _c22 cm. |
||
| 650 | _aGEN | ||
| 654 | _aCHU | ||
| 942 |
_cLIB _dJUS _fJUS _2ddc _n |
||
| 999 |
_c10957 _d10957 |
||